| 000 | 00000nam##2200000za#4500 |
| 001 | 9.617494 |
| 003 | CaOODSP |
| 005 | 20210615102220 |
| 007 | ta |
| 008 | 150406|2005||||xxc||||| f|0| 0 eng|d |
| 040 | |aCaOODSP|beng |
| 043 | |an-cn--- |
| 086 | 1 |aNH18-22/105-100E |
| 110 | 2 |aCanada Mortgage and Housing Corporation. |
| 245 | 10|aEffects of thermostat setting on energy consumption |
| 260 | |bCanada Mortgage and Housing Corporation |c2005. |
| 300 | |a5, [1]p. : |bfigs., tables ; |c28 cm. |
| 490 | 1 |aResearch highlight. Technical series |v05-100 |
| 520 | 3 |aThese technical papers summarize a wide range of housing-related studies, reports, and manuals. They examine issues as diverse as low-maintenance northern landscaping; policy options for achieving healthy indoor air quality; and various aspects of building performance, including high-rise building envelope performance, performance of various building materials, and evaluations of district heating systems. |
| 563 | |aPamphlet |
| 590 | |a05-35|b2005-09-02 |
| 775 | 08|tIncidence de la température de consigne des thermostats sur la consommation d'énergie |w(CaOODSP)9.627016 |
| 776 | 0#|tEffects of thermostat setting on energy consumption |w(CaOODSP)9.581184 |
| 830 | #0|aResearch highlight. Technical series ;|v05-100|w(CaOODSP)9.514826 |